| 000 | 00532nam a22001817a 4500 | ||
|---|---|---|---|
| 005 | 20250331155210.0 | ||
| 008 | 240305b |||||||| |||| 00| 0 eng d | ||
| 041 | _amar | ||
| 082 |
_223 _a610.73 _bहलका |
||
| 100 | _aहलकारे, विजया | ||
| 245 |
_aमानस शास्त्र _b(Psychology) |
||
| 250 | _a1 | ||
| 260 |
_aMumbai _bवोरा मेडिकल पब्लिकेशन _c2008 |
||
| 300 | _aV;159P. | ||
| 650 |
_aPsychology _9106838 |
||
| 651 | _aMISCELLNOUS | ||
| 942 | _cDB | ||
| 999 |
_c357403 _d357403 |
||